header

Auditory neuroscience (Record no. 125165)

MARC details
000 -LEADER
fixed length control field 01668nam a2200361 a 4500
082 04 - DEWEY DECIMAL CLASSIFICATION NUMBER
Classification number 612.8/5
100 1# - MAIN ENTRY--AUTHOR NAME
Personal name Schnupp, Jan,
245 10 - TITLE STATEMENT
Title Auditory neuroscience
260 ## - PUBLICATION, DISTRIBUTION, ETC. (IMPRINT)
Place of publication Cambridge, Mass. :
Name of publisher MIT Press,
Year of publication c2011.
300 ## - PHYSICAL DESCRIPTION
Number of Pages x, 356 p. :
Other physical details ill.
505 0# - FORMATTED CONTENTS NOTE
Formatted contents note Why things sound the way they do -- The ear -- Periodicity and pitch perception : physics, psychophysics, and neural mechanisms -- Hearing speech -- Neural basis of sound localization -- Auditory scene analysis -- Development, learning, and plasticity -- Auditory prostheses : from the lab to the clinic and back again.
650 #0 - SUBJECT ADDED ENTRY--TOPICAL TERM
Topical Term Auditory perception.
Topical Term Auditory pathways.
Topical Term Hearing.
700 1# - ADDED ENTRY--PERSONAL NAME
Personal name Nelken, Israel,
Personal name King, Andrew,
856 40 - ELECTRONIC LOCATION AND ACCESS
Uniform Resource Identifier http://site.ebrary.com/lib/rucke/Doc?id=10453036

No items available.

© 2026 Rongo University
Contact us: librarian | system librarian | Rongo university